| 000 | 00441nam a22001577a 4500 | ||
|---|---|---|---|
| 020 | _a978-81-200-4902-4 | ||
| 082 |
_a894.812 _bSAR/K |
||
| 100 | _aSARITHAKUMARI, K. R | ||
| 245 | _aKASTURBHA GANDHI BIOGRAPHY | ||
| 246 |
_aKASTURBHA GANDHI _bKASTURBHA GANDHI |
||
| 260 |
_aTRIVANDRUM _bKERALA BHASHA INSTITUTE _c2020 |
||
| 300 | _a102 | ||
| 520 | _a KASTURBHA GANDHI BIOGRAPHY IN MALAYALAM | ||
| 650 | _aBIOGRAPHY IN MALAYALAM | ||
| 942 | _cBK | ||
| 999 |
_c8581 _d8581 |
||